[Event "VI Weekend A"]
[Site "Erba ITA"]
[Date "2012.03.10"]
[Round "1"]
[White "Bargeri, Ludovico"]
[Black "Boschetti, Claudio"]
[Result "0-1"]
[WhiteElo "1922"]
[BlackElo "2153"]
[PlyCount "104"]
[EventDate "2012.03.09"]

1. d4 Nf6 2. c4 c5 3. d5 e5 4. Nc3 d6 5. e4 Be7 6. g3 O-O 7. Bg2 Na6 8. Nf3 Ne8
9. O-O Nac7 10. Ne1 f5 11. f4 exf4 12. Bxf4 fxe4 13. Bxe4 Nf6 14. Bg2 Bg4 15.
Qd2 Qd7 16. Nd3 b5 17. Nxc5 dxc5 18. d6 Rad8 19. dxe7 Qxe7 20. Qe3 Qxe3+ 21.
Bxe3 Rfe8 22. Rae1 bxc4 23. Bxc5 Rd2 24. Rxe8+ Ncxe8 25. Ba3 h6 26. Ne4 Rc2 27.
Nc3 Rd2 28. h3 Be6 29. g4 Nd6 30. Bb4 a5 31. Bc5 Nf7 32. Re1 Bd7 33. Re2 Rd3
34. Re3 Rd2 35. Re2 Rd3 36. Rf2 Ng5 37. Bf1 Nxh3+ 38. Bxh3 Rxh3 39. g5 hxg5 40.
Be7 Bc6 41. Kf1 Bf3 42. Ke1 g4 43. Bc5 Nd7 44. Bd4 Nf8 45. Kd2 Ne6 46. Be3 g5
47. Nb5 Nf4 48. Nd4 Nd3 49. Rf1 Rh2+ 50. Kc3 Nxb2 51. Bxg5 Bd5 52. Bf4 Na4# 0-1

[Event "VI Weekend A"]
[Site "Erba ITA"]
[Date "2012.03.10"]
[Round "1"]
[White "Drazic, Sinisa"]
[Black "Negro, Roberto"]
[Result "1-0"]
[WhiteElo "2536"]
[BlackElo "2129"]
[PlyCount "99"]
[EventDate "2012.03.09"]

1. c4 e6 2. Nf3 d5 3. g3 c6 4. Bg2 Bd6 5. O-O f5 6. d3 Nf6 7. Nc3 O-O 8. e4
dxe4 9. dxe4 Bb4 10. exf5 Qxd1 11. Rxd1 exf5 12. Na4 Ne4 13. Ng5 Nxg5 14. Bxg5
h6 15. a3 Ba5 16. Be7 Re8 17. Bd6 Nd7 18. b4 Bd8 19. Re1 Rxe1+ 20. Rxe1 Nf6 21.
Nc5 a6 22. a4 Kf7 23. a5 Ne8 24. Be5 Bf6 25. f4 Bxe5 26. fxe5 Ke7 27. Rd1 g6
28. h4 h5 29. Kf2 Nc7 30. Ke3 Ne6 31. Na4 Nf8 32. Nb6 Rb8 33. Rd6 Be6 34. Kd2
Bf7 35. Bxc6 bxc6 36. Rxc6 Ne6 37. Kc3 Nd8 38. Rd6 Be6 39. b5 axb5 40. a6 Nf7
41. a7 Rh8 42. c5 Nxe5 43. Rd1 Ra8 44. Nxa8 Nc4 45. Rd3 Bd7 46. Nb6 Be6 47. Kb4
Ne5 48. Rd6 Bc4 49. Nd5+ Kf7 50. Nf4 1-0

[Event "VI Weekend A"]
[Site "Erba ITA"]
[Date "2012.03.10"]
[Round "1"]
[White "Gagliardi, Christian"]
[Black "Cocconcelli, Lorenzo"]
[Result "1/2-1/2"]
[WhiteElo "2233"]
[BlackElo "1964"]
[PlyCount "48"]
[EventDate "2012.03.09"]

1. e4 e6 2. d4 d5 3. Nc3 Bb4 4. e5 c5 5. Bd2 Ne7 6. Nb5 Bxd2+ 7. Qxd2 O-O 8. f4
a6 9. Nd6 cxd4 10. Nf3 Nbc6 11. Bd3 f6 12. O-O fxe5 13. fxe5 Rxf3 14. Rxf3 Nxe5
15. Qf4 Nxf3+ 16. gxf3 Nf5 17. Bxf5 exf5 18. Re1 Bd7 19. Qe5 Qf6 20. Qxd5+ Kh8
21. Qxb7 Rd8 22. Qc7 Kg8 23. Kh1 Bc6 24. Qxc6 Qxd6 1/2-1/2

[Event "VI Weekend A"]
[Site "Erba ITA"]
[Date "2012.03.10"]
[Round "1"]
[White "Gonella, Daniele"]
[Black "Laketic, Gojko"]
[Result "0-1"]
[WhiteElo "2112"]
[BlackElo "2438"]
[PlyCount "80"]
[EventDate "2012.03.09"]

1. e4 Nf6 2. e5 Nd5 3. c4 Nb6 4. d4 d6 5. exd6 cxd6 6. Nc3 g6 7. Nf3 Bg7 8. Be2
O-O 9. O-O Bg4 10. Be3 Nc6 11. b3 e6 12. Rc1 d5 13. c5 Bxf3 14. Bxf3 Nc8 15.
Qd2 N8e7 16. Rfd1 Nf5 17. Ne2 h5 18. b4 Nh4 19. b5 Na5 20. Be4 dxe4 21. Bg5 e3
22. Qxe3 Nf5 23. Bxd8 Nxe3 24. Bxa5 Nxd1 25. Rxd1 a6 26. b6 Rac8 27. f4 Rfd8
28. Rd2 f6 29. Bb4 Bf8 30. Rc2 e5 31. fxe5 fxe5 32. dxe5 Re8 33. Nf4 Rxe5 34.
Nxg6 Bxc5+ 35. Bxc5 Rexc5 36. Ne7+ Kg7 37. Re2 Rc1+ 38. Kf2 R8c2 39. Nd5 Rxe2+
40. Kxe2 Rc6 0-1

[Event "VI Weekend A"]
[Site "Erba ITA"]
[Date "2012.03.10"]
[Round "1"]
[White "Guerra, Alessandro"]
[Black "Bernasconi, Roberto"]
[Result "1/2-1/2"]
[WhiteElo "2194"]
[BlackElo "1925"]
[PlyCount "78"]
[EventDate "2012.03.09"]

1. d4 d5 2. Bg5 Nd7 3. e3 Ngf6 4. Nd2 e6 5. Ngf3 Be7 6. c4 c5 7. cxd5 exd5 8.
Bd3 b6 9. Ne5 Bb7 10. f4 O-O 11. O-O Ne4 12. Bxe7 Qxe7 13. Bxe4 dxe4 14. Nxd7
Qxd7 15. dxc5 Qd3 16. Re1 bxc5 17. Nb3 Rac8 18. f5 Qd5 19. Qg4 Qe5 20. Rac1 Rc7
21. Rf1 f6 22. Qf4 Qe7 23. Rfd1 Re8 24. Nd4 Bc8 25. Nb5 Rc6 26. Nd6 Rd8 27.
Nxe4 Re8 28. Rd6 Rb6 29. Rxb6 axb6 30. Nd6 Rd8 31. Rd1 Bxf5 32. Kf2 Be6 33. a3
Kf8 34. h4 h5 35. Rd2 Rd7 36. Ne4 Rxd2+ 37. Nxd2 Qd8 38. Ne4 Ke7 39. Ke1 Qd3
1/2-1/2

[Event "VI Weekend A"]
[Site "Erba ITA"]
[Date "2012.03.10"]
[Round "1"]
[White "Guzzetti, Luigi Enrico"]
[Black "Stips, Felix"]
[Result "0-1"]
[WhiteElo "1943"]
[BlackElo "2212"]
[PlyCount "62"]
[EventDate "2012.03.09"]

1. e4 c5 2. Nf3 a6 3. d4 cxd4 4. Nxd4 Nf6 5. Nc3 e5 6. Nb3 Bb4 7. Bd3 d5 8.
exd5 Nxd5 9. Bd2 Nxc3 10. bxc3 Bd6 11. O-O O-O 12. c4 Qc7 13. Qh5 f5 14. f3 Be6
15. g4 g6 16. Qh6 Bxc4 17. Ba5 Qc8 18. h3 Bxd3 19. cxd3 Nc6 20. Rac1 Qd7 21.
Bb6 Nb4 22. Qd2 Nd5 23. Be3 Bb4 24. Qf2 Ba3 25. Rcd1 Rac8 26. Bc5 Nf4 27. Kh2
Bxc5 28. Nxc5 Qe7 29. Nb3 Rc3 30. Nc1 Qc7 31. Rg1 Rc2 0-1

[Event "VI Weekend A"]
[Site "Erba ITA"]
[Date "2012.03.10"]
[Round "1"]
[White "Massironi, Marco"]
[Black "Villa, Giorgio"]
[Result "1/2-1/2"]
[WhiteElo "2213"]
[BlackElo "1954"]
[PlyCount "86"]
[EventDate "2012.03.09"]

1. e4 d5 2. exd5 Qxd5 3. Nf3 Nf6 4. d4 Bg4 5. Be2 c6 6. O-O e6 7. c4 Qd8 8. h3
Bxf3 9. Bxf3 Bd6 10. Nc3 O-O 11. Bg5 Nbd7 12. d5 exd5 13. cxd5 Qc7 14. dxc6
bxc6 15. Rc1 Rab8 16. Ne4 Be5 17. Rxc6 Qa5 18. Bxf6 Nxf6 19. Rc5 Rb5 20. Rxb5
Qxb5 21. b3 Nxe4 22. Bxe4 Qa5 23. Re1 g6 24. Bd5 Bf6 25. Re2 Rd8 26. Rd2 Re8
27. Bc4 Bc3 28. Re2 Rxe2 29. Qxe2 Qe5 30. Qf3 Qf6 31. Qa8+ Kg7 32. Qxa7 Bd4 33.
Qxf7+ Qxf7 34. Bxf7 Kxf7 35. g3 Ke6 36. Kg2 Kd5 37. f4 Ke4 38. b4 Ke3 39. a4
Bc3 40. b5 Ba5 41. h4 h5 42. g4 Kxf4 43. gxh5 gxh5 1/2-1/2

[Event "VI Weekend A"]
[Site "Erba ITA"]
[Date "2012.03.10"]
[Round "1"]
[White "Medici, Simone"]
[Black "Tarelli, Daniele"]
[Result "1-0"]
[WhiteElo "2131"]
[BlackElo "1905"]
[PlyCount "133"]
[EventDate "2012.03.09"]

1. d4 Nf6 2. c4 e6 3. Nf3 b6 4. e3 Bb7 5. Bd3 Nc6 6. a3 Be7 7. O-O O-O 8. b4
Re8 9. Bb2 Bf8 10. Qc2 Ne7 11. e4 g6 12. d5 Nc8 13. e5 Nh5 14. Nc3 d6 15. Be4
dxe5 16. dxe6 Bxe4 17. exf7+ Kxf7 18. Qxe4 Nd6 19. Qd5+ Kg7 20. Nb5 Nxb5 21.
Bxe5+ Nf6 22. Qxb5 c5 23. Rad1 Qc8 24. Rfe1 Rd8 25. Rxd8 Qxd8 26. Qc6 Be7 27.
Ng5 Qd2 28. Bxf6+ Bxf6 29. Qxf6+ Kxf6 30. Ne4+ Ke5 31. Nxd2+ Kd4 32. Re3 cxb4
33. axb4 a5 34. bxa5 bxa5 35. Kf1 a4 36. Ra3 Kc5 37. Ke2 Kb4 38. Ra1 Kc3 39. f3
Kb2 40. Rb1+ Kc2 41. Ra1 Kb2 42. Rb1+ Kc2 43. Rb7 a3 44. Nb3 Re8+ 45. Kf2 Kb2
46. Nd4+ Kc1 47. Nb3+ Kb2 48. c5 a2 49. c6 Rc8 50. c7 a1=Q 51. Nxa1+ Kxa1 52.
Ke3 h5 53. Kd3 Ka2 54. Kc2 Ka3 55. Kc3 Ka4 56. Kc4 Ka3 57. Kc5 h4 58. Kc6 h3
59. gxh3 Rf8 60. Rb8 Rf6+ 61. Kd5 Rf5+ 62. Ke4 Rh5 63. c8=Q Rh4+ 64. f4 Rxf4+
65. Kxf4 g5+ 66. Kf3 Ka4 67. Qa6# 1-0

[Event "VI Weekend A"]
[Site "Erba ITA"]
[Date "2012.03.10"]
[Round "1"]
[White "Moroni, Luca jr"]
[Black "Sbarra, Marco"]
[Result "1-0"]
[WhiteElo "2064"]
[BlackElo "2305"]
[PlyCount "89"]
[EventDate "2012.03.09"]

1. e4 e5 2. Nf3 Nc6 3. Bc4 Nf6 4. d3 Be7 5. Nc3 O-O 6. O-O d6 7. Bg5 Na5 8. Bb3
Nxb3 9. axb3 Ne8 10. Bxe7 Qxe7 11. d4 f6 12. Nd5 Qf7 13. dxe5 dxe5 14. Ne3 Nd6
15. Nd2 Bd7 16. f3 a6 17. Ndc4 Nb5 18. c3 Be6 19. Qe2 Na7 20. b4 Nc6 21. Rfd1
Ne7 22. Rd2 Ng6 23. g3 Rad8 24. Rad1 Rxd2 25. Rxd2 Ne7 26. Qd3 Nc6 27. Na5 Nxa5
28. bxa5 Qe7 29. b4 Kf7 30. Kf1 Rc8 31. Ke2 Ke8 32. f4 exf4 33. gxf4 Rd8 34.
Qxd8+ Qxd8 35. Rxd8+ Kxd8 36. Kd3 Kd7 37. c4 b6 38. Kd4 bxa5 39. bxa5 Kc6 40.
Nc2 Bc8 41. Nb4+ Kd7 42. c5 Bb7 43. c6+ Bxc6 44. Nxa6 g5 45. Nb8+ 1-0

[Event "VI Weekend A"]
[Site "Erba ITA"]
[Date "2012.03.10"]
[Round "1"]
[White "Pace, Pietro Dario"]
[Black "Cattaneo, Marco"]
[Result "1-0"]
[WhiteElo "2280"]
[BlackElo "2000"]
[PlyCount "53"]
[EventDate "2012.03.09"]

1. e4 c5 2. Nf3 d6 3. c3 Nf6 4. Bd3 Nc6 5. Bc2 g6 6. O-O Bg7 7. Re1 O-O 8. h3
Bd7 9. d4 cxd4 10. cxd4 Rc8 11. Nc3 h6 12. e5 dxe5 13. dxe5 Ne8 14. Bf4 Be6 15.
Qc1 Kh7 16. h4 Nb4 17. Rd1 Qb6 18. Be4 Nc7 19. Qb1 Kh8 20. h5 g5 21. Be3 Qa5
22. a3 Nc6 23. Bxg5 hxg5 24. Bxc6 bxc6 25. Nxg5 f5 26. exf6 Bg8 27. fxg7+ 1-0

[Event "VI Weekend A"]
[Site "Erba ITA"]
[Date "2012.03.10"]
[Round "1"]
[White "Pucovski, Miroslav"]
[Black "Quaranta, Cristiano"]
[Result "0-1"]
[WhiteElo "2305"]
[BlackElo "2089"]
[PlyCount "74"]
[EventDate "2012.03.09"]

1. e4 e6 2. d4 d5 3. e5 c5 4. c3 Nc6 5. Nf3 Bd7 6. Bd3 Qb6 7. dxc5 Bxc5 8. O-O
Qc7 9. Qe2 Nge7 10. b4 Bb6 11. Na3 a6 12. Bf4 Ng6 13. Bg3 O-O 14. Rab1 Qd8 15.
h4 f5 16. h5 Nh8 17. c4 dxc4 18. Bxc4 Qe8 19. Rfd1 Na7 20. Ng5 Nf7 21. Nxf7
Qxf7 22. Bf4 h6 23. Rb3 Rfd8 24. Rg3 Kh7 25. Rg6 Nc6 26. Rd6 Bc7 27. Rd3 b5 28.
Bb3 Bb6 29. Rd2 Be8 30. Bxe6 Qe7 31. Bxf5 Bxg6 32. Bxg6+ Kh8 33. Rd6 Nxe5 34.
Bxe5 Qxe5 35. Rxd8+ Rxd8 36. Qf3 Qe1+ 37. Kh2 Bxf2 0-1

[Event "VI Weekend A"]
[Site "Erba ITA"]
[Date "2012.03.10"]
[Round "1"]
[White "Ranfagni, Stefano"]
[Black "Dokic, Zoran"]
[Result "0-1"]
[WhiteElo "1975"]
[BlackElo "2233"]
[PlyCount "38"]
[EventDate "2012.03.09"]

1. e4 c6 2. c4 d5 3. exd5 cxd5 4. d4 Nf6 5. Nc3 g6 6. Nf3 Bg7 7. Bf4 O-O 8. Be2
dxc4 9. Bxc4 Bg4 10. Be5 Nc6 11. O-O Qa5 12. a3 Bxf3 13. Qxf3 Nxe5 14. dxe5
Qxe5 15. Rfe1 Qc7 16. Bd5 e6 17. Bxb7 Rab8 18. Nb5 Qxb7 19. Qxb7 Rxb7 0-1

[Event "VI Weekend A"]
[Site "Erba ITA"]
[Date "2012.03.10"]
[Round "1"]
[White "Schneider, Antonio"]
[Black "Rambaldi, Francesco"]
[Result "0-1"]
[WhiteElo "1962"]
[BlackElo "2222"]
[PlyCount "62"]
[EventDate "2012.03.09"]

1. e4 c5 2. g3 d5 3. exd5 Qxd5 4. Qf3 Nf6 5. Nc3 Qxf3 6. Nxf3 Nc6 7. Nb5 Rb8 8.
Bg2 a6 9. Na3 b5 10. d3 e5 11. O-O Bd6 12. Bg5 Nd7 13. Nd2 Bb7 14. c3 f6 15.
Be3 f5 16. Rae1 O-O 17. f4 Rbd8 18. Nc2 Ba8 19. Nf3 Rfe8 20. Ng5 Nf6 21. fxe5
Nxe5 22. d4 Bxg2 23. Kxg2 Nd3 24. Rb1 Ng4 25. dxc5 Rxe3 26. Rxf5 Bxc5 27. b4
Re2+ 28. Kf3 Rxc2 29. Kxg4 Be7 30. Ne4 g6 31. Rff1 Rxh2 0-1

[Event "VI Weekend A"]
[Site "Erba ITA"]
[Date "2012.03.10"]
[Round "2"]
[White "Bernasconi, Roberto"]
[Black "Pucovski, Miroslav"]
[Result "1/2-1/2"]
[WhiteElo "1925"]
[BlackElo "2305"]
[PlyCount "64"]
[EventDate "2012.03.09"]

1. e4 c5 2. Nf3 Nc6 3. Bb5 e6 4. Bxc6 bxc6 5. d3 Ne7 6. O-O Ng6 7. e5 Be7 8.
Nbd2 f6 9. Nc4 fxe5 10. Ncxe5 Nxe5 11. Nxe5 O-O 12. f4 Qc7 13. Qh5 d6 14. Nc4
Bd7 15. Bd2 Rae8 16. Rae1 Rf5 17. Qd1 Ref8 18. Bc1 Bh4 19. g3 Be7 20. b3 Bf6
21. Bb2 Bxb2 22. Nxb2 d5 23. Na4 d4 24. Qd2 e5 25. fxe5 Rxf1+ 26. Rxf1 Rxf1+
27. Kxf1 Qxe5 28. Qf4 Qd5 29. Qb8+ Kf7 30. Qf4+ Kg8 31. Qb8+ Kf7 32. Qf4+ Kg8
1/2-1/2

[Event "VI Weekend A"]
[Site "Erba ITA"]
[Date "2012.03.10"]
[Round "2"]
[White "Boschetti, Claudio"]
[Black "Pace, Pietro Dario"]
[Result "0-1"]
[WhiteElo "2153"]
[BlackElo "2280"]
[PlyCount "116"]
[EventDate "2012.03.09"]

1. e4 g6 2. d4 Bg7 3. Nc3 c6 4. Nf3 d5 5. h3 Nf6 6. e5 Ne4 7. Nxe4 dxe4 8. Ng5
c5 9. Bc4 O-O 10. e6 f6 11. Nxe4 cxd4 12. O-O Nc6 13. a3 h6 14. f4 f5 15. Nf2
Qd6 16. Re1 Rf6 17. Qe2 Nd8 18. Bd2 Bxe6 19. Bb4 Qd7 20. Rad1 Rc8 21. Bb5 Nc6
22. c3 Qc7 23. Bxc6 bxc6 24. cxd4 Re8 25. Qe3 Bd5 26. Nd3 Kh7 27. Ne5 Rg8 28.
Rd2 Re6 29. Qf2 Bf8 30. h4 Rf6 31. Re3 a5 32. Bc5 a4 33. Qe1 g5 34. fxg5 hxg5
35. hxg5 Rxg5 36. Qh4+ Bh6 37. Rf2 Kg7 38. Ree2 Re6 39. Qh3 Rf6 40. Nd3 Be4 41.
Nf4 Kh7 42. Rxe4 fxe4 43. Ne6 Qg3 44. Nxg5+ Qxg5 45. Rxf6 Qxf6 46. Bb4 Qxd4+
47. Kh1 Qd1+ 48. Kh2 Qd5 49. Bc3 Kg6 50. Qg4+ Bg5 51. Qc8 Bf4+ 52. g3 Qh5+ 53.
Kg2 Qf3+ 54. Kg1 Be3+ 55. Kh2 Qf2+ 56. Kh3 Qf1+ 57. Kg4 Qd1+ 58. Kh3 Qh1+ 0-1

[Event "VI Weekend A"]
[Site "Erba ITA"]
[Date "2012.03.10"]
[Round "2"]
[White "Dokic, Zoran"]
[Black "Moroni, Luca jr"]
[Result "0-1"]
[WhiteElo "2233"]
[BlackElo "2064"]
[PlyCount "76"]
[EventDate "2012.03.09"]

1. g3 d5 2. Bg2 Nf6 3. c4 e6 4. Nf3 Be7 5. b3 O-O 6. O-O Ne4 7. Bb2 Bf6 8. Ne5
Nd7 9. f4 Nxe5 10. fxe5 Bg5 11. Qc2 Rb8 12. Kh1 b6 13. d3 Nc5 14. b4 Na6 15. a3
Bb7 16. c5 Qd7 17. d4 bxc5 18. bxc5 c6 19. Nd2 Nc7 20. Nb3 Ba6 21. Rfd1 f5 22.
Bc1 Bxc1 23. Raxc1 f4 24. Na5 fxg3 25. hxg3 Rf2 26. Rd2 Rbf8 27. e4 Rxd2 28.
Qxd2 Qe8 29. Kg1 Qg6 30. Nxc6 Qxg3 31. Ne7+ Kh8 32. exd5 exd5 33. Re1 h5 34. a4
Bc4 35. Rc1 h4 36. Rxc4 dxc4 37. Qc2 Qe1+ 38. Kh2 Qxe5+ 0-1

[Event "VI Weekend A"]
[Site "Erba ITA"]
[Date "2012.03.10"]
[Round "2"]
[White "Guerra, Alessandro"]
[Black "Massironi, Marco"]
[Result "0-1"]
[WhiteElo "2194"]
[BlackElo "2213"]
[PlyCount "204"]
[EventDate "2012.03.09"]

1. d4 Nf6 2. Nf3 g6 3. Nc3 d5 4. Bf4 Bg7 5. h3 O-O 6. e3 c5 7. Be2 Nc6 8. O-O
Ne4 9. Qe1 cxd4 10. exd4 Nxd4 11. Nxd4 Bxd4 12. Rd1 Bxc3 13. bxc3 Qa5 14. Bf3
Bf5 15. c4 Qxe1 16. Rdxe1 Nc3 17. cxd5 Rfd8 18. g4 Bxc2 19. Rc1 Bd3 20. Rxc3
Bxf1 21. Kxf1 Rac8 22. Re3 Rd7 23. Kg2 Rc4 24. Bh6 a6 25. Kg3 Rc2 26. a3 Rc5
27. h4 f6 28. Bf4 Kf7 29. g5 f5 30. h5 b5 31. hxg6+ hxg6 32. Be5 Rc1 33. Rd3
Re1 34. Kf4 Rc1 35. Bc3 Rc7 36. Bb4 R7c4+ 37. Ke3 R1c2 38. Bd1 Re4+ 39. Kf3
Rcc4 40. d6 Rcd4 41. Bb3+ Ke8 42. Rc3 exd6 43. Bc2 Rf4+ 44. Ke3 Rc4 45. Rb3 Rh4
46. Bd3 Rh3+ 47. Ke2 Re4+ 48. Kd2 Rd4 49. Kc2 Rh2 50. Kc3 Rd5 51. Rb2 Rh3 52.
Re2+ Kd7 53. Re3 Rxe3 54. fxe3 Re5 55. Kd4 Kc6 56. Be2 Re4+ 57. Kd3 d5 58. Bc3
Ra4 59. Bb2 a5 60. Bd1 Rh4 61. Bc3 b4 62. axb4 axb4 63. Ba4+ Kd6 64. Bf6 Re4
65. Bd1 Rh4 66. Bg7 Kc5 67. Bc2 Re4 68. Bf8+ Kb6 69. Bb3 f4 70. Bxd5 Rxe3+ 71.
Kc4 Re5 72. Bd6 Rxg5 73. Bc5+ Kc7 74. Bxb4 Rg3 75. Be1 Rg1 76. Ba5+ Kd7 77. Bb6
Rc1+ 78. Kd4 Kd6 79. Bf3 Re1 80. Bd8 Re3 81. Be4 Rg3 82. Ba5 Rg1 83. Bb4+ Ke6
84. Bd5+ Kf5 85. Be4+ Kf6 86. Bc6 g5 87. Ke4 Rc1 88. Bd5 Kg6 89. Kf3 Kh5 90.
Bd2 Rc5 91. Bf7+ Kh6 92. Be6 Kh5 93. Bf7+ Kh6 94. Kg4 Rc7 95. Be6 Re7 96. Bc4
Re4 97. Bb5 Rd4 98. Bc3 Rd1 99. Be2 Rg1+ 100. Kf5 Rg3 101. Bd4 f3 102. Bf1 f2
0-1

[Event "VI Weekend A"]
[Site "Erba ITA"]
[Date "2012.03.10"]
[Round "2"]
[White "Laketic, Gojko"]
[Black "Medici, Simone"]
[Result "1-0"]
[WhiteElo "2438"]
[BlackElo "2131"]
[PlyCount "80"]
[EventDate "2012.03.09"]

1. d4 d5 2. c4 c6 3. Nf3 Nf6 4. Qc2 g6 5. Bf4 e6 6. e3 Bg7 7. Nc3 O-O 8. Be2 a6
9. c5 b5 10. cxb6 Qxb6 11. O-O Bb7 12. Bd6 Rc8 13. Rac1 Qd8 14. Ba3 Nbd7 15.
Na4 Bf8 16. Bxf8 Qxf8 17. Nd2 Rc7 18. Nb3 Ne4 19. Nbc5 Ndxc5 20. Nxc5 Nxc5 21.
Qxc5 Qxc5 22. Rxc5 Kf8 23. Rfc1 Ke7 24. b4 Kd6 25. f3 f6 26. Kf2 g5 27. Ra5 Bc8
28. a3 Rca7 29. h4 h6 30. Rh1 e5 31. hxg5 hxg5 32. Rh6 Rf7 33. dxe5+ Kxe5 34.
Rh8 Rfa7 35. Re8+ Kd6 36. Rf8 Ke7 37. Rh8 Kd6 38. Bd3 Bb7 39. Rh7 Bc8 40. Rh8
40... Bb7 {...} 1-0

[Event "VI Weekend A"]
[Site "Erba ITA"]
[Date "2012.03.10"]
[Round "2"]
[White "Negro, Roberto"]
[Black "Bargeri, Ludovico"]
[Result "0-1"]
[WhiteElo "2129"]
[BlackElo "1922"]
[PlyCount "82"]
[EventDate "2012.03.09"]

1. d4 d5 2. c4 c6 3. Nf3 Nf6 4. Qc2 dxc4 5. Qxc4 Bf5 6. g3 e6 7. Bg2 Bd6 8. O-O
O-O 9. Nh4 b5 10. Qb3 Be4 11. Bxe4 Nxe4 12. Qf3 Nf6 13. Nc3 Qc7 14. Bg5 Nbd7
15. Rac1 Qb6 16. Rfd1 h6 17. Bxf6 Nxf6 18. Ne4 Nxe4 19. Qxe4 c5 20. d5 exd5 21.
Rxd5 Rfe8 22. Qf3 Bf8 23. Rd7 Qe6 24. Rcd1 a6 25. b3 Rac8 26. Ng2 Re7 27. Rxe7
Qxe7 28. Ne3 Re8 29. Kf1 Qe4 30. Qxe4 Rxe4 31. Rd8 f6 32. Ra8 Re6 33. Nd5 Rd6
34. Nc7 Kf7 35. e3 Rc6 36. Nxa6 c4 37. Nb8 Rc7 38. bxc4 bxc4 39. Ke2 c3 40. Kd1
c2+ 41. Kc1 Bb4 0-1

[Event "VI Weekend A"]
[Site "Erba ITA"]
[Date "2012.03.10"]
[Round "2"]
[White "Rambaldi, Francesco"]
[Black "Quaranta, Cristiano"]
[Result "1/2-1/2"]
[WhiteElo "2222"]
[BlackElo "2089"]
[PlyCount "96"]
[EventDate "2012.03.09"]

1. d4 Nf6 2. c4 c5 3. Nf3 cxd4 4. Nxd4 e6 5. Nc3 d5 6. Bf4 Be7 7. Ndb5 Na6 8.
e3 O-O 9. Be2 dxc4 10. Bxc4 Qxd1+ 11. Rxd1 Bd7 12. Bd6 Bxd6 13. Nxd6 Bc6 14. f3
Nc7 15. e4 Rfd8 16. Kf2 Kf8 17. Be2 Ke7 18. Nc4 Nb5 19. Nb1 Nd4 20. Ne5 Ba4 21.
Rc1 Nxe2 22. Kxe2 Bb5+ 23. Ke3 Rac8 24. Na3 Be8 25. b4 Nd7 26. Nxd7 Bxd7 27. e5
Rc6 28. Rxc6 Bxc6 29. Nc4 Bd5 30. Nd6 f6 31. f4 g5 32. fxg5 fxe5 33. Ne4 Bxe4
34. Kxe4 Rd4+ 35. Kxe5 Rxb4 36. Rc1 Rb5+ 37. Kf4 Rb4+ 38. Ke5 Rb5+ 39. Kf4 Rb4+
40. Kg3 Kf7 41. h4 Kg6 42. Rf1 Kh5 43. Rf7 Rg4+ 44. Kf3 Rxh4 45. Rxh7+ Kxg5 46.
Rg7+ Kf6 47. Rxb7 Ra4 48. Rb2 Kg5 1/2-1/2

[Event "VI Weekend A"]
[Site "Erba ITA"]
[Date "2012.03.10"]
[Round "2"]
[White "Ranfagni, Stefano"]
[Black "Schneider, Antonio"]
[Result "1-0"]
[WhiteElo "1975"]
[BlackElo "1962"]
[PlyCount "51"]
[EventDate "2012.03.09"]

1. e4 g6 2. d4 Bg7 3. Nc3 d6 4. f4 a6 5. Nf3 Nd7 6. Be2 Nh6 7. O-O c5 8. d5 Qc7
9. Qe1 f5 10. Ng5 Nf8 11. Bf3 Ng4 12. Bxg4 fxg4 13. f5 Bf6 14. Ne6 Bxe6 15.
dxe6 Qc6 16. Nd5 Bd4+ 17. Be3 gxf5 18. Bxd4 cxd4 19. Rxf5 Ng6 20. Qa5 Rc8 21.
Raf1 Qxc2 22. Nb4 Qxe4 23. Qa4+ b5 24. Rxb5 Qe3+ 25. Kh1 Qxe6 26. Rb7+ 1-0

[Event "VI Weekend A"]
[Site "Erba ITA"]
[Date "2012.03.10"]
[Round "2"]
[White "Sbarra, Marco"]
[Black "Guzzetti, Luigi Enrico"]
[Result "1-0"]
[WhiteElo "2305"]
[BlackElo "1943"]
[PlyCount "115"]
[EventDate "2012.03.09"]

1. c4 Nf6 2. d4 g6 3. Nc3 Bg7 4. e4 d6 5. Nf3 O-O 6. Be2 c6 7. O-O Qc7 8. Bg5
Nbd7 9. Qd2 e5 10. Rfe1 exd4 11. Nxd4 Nc5 12. Bf3 Ne6 13. Nxe6 Bxe6 14. Rad1
Bxc4 15. Qf4 Nd7 16. Be7 Be5 17. Bxd6 Bxf4 18. Bxc7 Bxc7 19. Rxd7 Rac8 20. Bg4
Be6 21. Bxe6 fxe6 22. Kf1 Rf7 23. Red1 Rcf8 24. Rxf7 Rxf7 25. Ke2 Kf8 26. Na4
Ke8 27. Nc5 Bb6 28. Rc1 Bxc5 29. Rxc5 Kd7 30. Ke3 b6 31. Rg5 Kd6 32. f4 c5 33.
h4 a6 34. g4 b5 35. h5 gxh5 36. gxh5 c4 37. h6 b4 38. e5+ Kc5 39. Rg7 Rf5 40.
Rxh7 Rh5 41. Rc7+ Kb5 42. Kd4 Rxh6 43. Rc5+ Kb6 44. Rxc4 a5 45. Rc2 Rh4 46. Ke4
Kb5 47. b3 a4 48. bxa4+ Kxa4 49. Rc6 Rh6 50. Kf3 Kb5 51. Rc2 Rg6 52. Ke4 Rg4
53. Rh2 Rg6 54. f5 Rg4+ 55. Kf3 exf5 56. Re2 Kc6 57. e6 Kd6 58. e7 1-0

[Event "VI Weekend A"]
[Site "Erba ITA"]
[Date "2012.03.10"]
[Round "2"]
[White "Stips, Felix"]
[Black "Drazic, Sinisa"]
[Result "0-1"]
[WhiteElo "2212"]
[BlackElo "2536"]
[PlyCount "90"]
[EventDate "2012.03.09"]

1. Nf3 g6 2. e4 Bg7 3. d4 d6 4. Nc3 a6 5. a4 Nf6 6. Be2 O-O 7. O-O Nc6 8. d5
Nb4 9. h3 c6 10. a5 b5 11. axb6 Qxb6 12. Be3 Qb7 13. dxc6 Nxc6 14. Rb1 Bd7 15.
Nd2 Nb4 16. f4 Qc7 17. Nc4 Be6 18. Nb6 Rab8 19. Nbd5 Nfxd5 20. exd5 Bf5 21. Rc1
Bxc3 22. bxc3 Na2 23. Ra1 Nxc3 24. Qd2 Nxe2+ 25. Qxe2 Qxc2 26. Qxc2 Bxc2 27.
Rfc1 Be4 28. Rxa6 Bxd5 29. Rc7 Rfe8 30. Raa7 Rb1+ 31. Rc1 Rxc1+ 32. Bxc1 Rc8
33. Ba3 Kf8 34. Ra5 Be4 35. g4 f5 36. Kh2 Rc3 37. Ra7 h5 38. gxh5 gxh5 39. h4
Ke8 40. Ra5 Kd7 41. Ra7+ Ke6 42. Ra6 Rc2+ 43. Kh3 Rf2 44. Bc1 Rf1 45. Bd2 Rf3+
0-1

[Event "VI Weekend A"]
[Site "Erba ITA"]
[Date "2012.03.10"]
[Round "2"]
[White "Villa, Giorgio"]
[Black "Gagliardi, Christian"]
[Result "0-1"]
[WhiteElo "1954"]
[BlackElo "2233"]
[PlyCount "112"]
[EventDate "2012.03.09"]

1. d4 Nf6 2. Nf3 e6 3. c4 d5 4. Bg5 Nbd7 5. e3 h6 6. Bh4 Bb4+ 7. Nc3 c5 8. cxd5
exd5 9. Bd3 Qa5 10. Qc2 c4 11. Bf5 O-O 12. O-O Re8 13. Nd2 Bf8 14. e4 dxe4 15.
Bxd7 Nxd7 16. Nxc4 Qh5 17. Bg3 Nf6 18. Be5 Ng4 19. h3 Nxe5 20. Nxe5 f6 21. Nc4
Qf7 22. Ne3 f5 23. Qb3 Qxb3 24. axb3 Bd7 25. Ncd5 Rec8 26. Rfc1 Rxc1+ 27. Rxc1
Rc8 28. Rc3 b5 29. Rxc8 Bxc8 30. Nc7 Bd7 31. Ned5 Bd6 32. Na6 Kf7 33. Kf1 Be6
34. Nac7 Bxc7 35. Nxc7 Bxb3 36. Ke1 Bc4 37. Kd2 Ke7 38. Ke3 b4 39. d5 Kd6 40.
Ne8+ Kxd5 41. Nxg7 Ke5 42. g3 a5 43. Nh5 a4 44. Kd2 Kd4 45. Nf4 a3 46. bxa3
bxa3 47. Kc2 e3 48. fxe3+ Kxe3 49. Ng6 Be6 50. Nf4 Bf7 51. Ng2+ Kf2 52. Nh4 Be6
53. g4 f4 54. Nf5 h5 55. Nd4 Bxg4 56. hxg4 hxg4 0-1

[Event "VI Weekend A"]
[Site "Erba ITA"]
[Date "2012.03.10"]
[Round "3"]
[White "Bargeri, Ludovico"]
[Black "Dokic, Zoran"]
[Result "0-1"]
[WhiteElo "1922"]
[BlackElo "2233"]
[PlyCount "104"]
[EventDate "2012.03.09"]

1. d4 Nf6 2. c4 g6 3. g3 Bg7 4. Bg2 O-O 5. Nc3 d6 6. Nf3 Nc6 7. O-O a6 8. d5
Na5 9. Nd2 c5 10. Qc2 Rb8 11. b3 b5 12. Bb2 e5 13. Rab1 Bh6 14. e3 Bg4 15. Rfe1
Qc8 16. Nce4 Ne8 17. f3 Bf5 18. Bc3 Nb7 19. a4 b4 20. Bb2 f6 21. Re2 Nd8 22.
Rf1 Rb7 23. Qb1 Nf7 24. Qe1 Re7 25. Nf2 Bd7 26. f4 f5 27. fxe5 Nxe5 28. Bxe5
dxe5 29. Nd3 e4 30. Nf4 Nf6 31. Bh1 g5 32. Ng2 Ng4 33. Qb1 Bg7 34. Ne1 Qc7 35.
Nxe4 fxe4 36. Rxf8+ Kxf8 37. Bxe4 Qe5 38. Bf3 Bf5 39. Qc1 Qc3 40. Qxc3 Bxc3 41.
e4 Ne5 42. d6 Nxf3+ 43. Nxf3 Rxe4 44. d7 Ke7 45. Rxe4+ Bxe4 46. Nxg5 Bd4+ 47.
Kf1 Bc2 48. Ke2 Kxd7 49. Kd2 Bxb3 50. Nxh7 Bxc4 51. Nf8+ Ke8 52. Ng6 b3 0-1